[Event "FRA-chT3 Gr01 0607"]
[Site "France"]
[Date "2007.02.11"]
[Round "6.6"]
[White "Bornand, Jonathan"]
[Black "Valero, Jacques"]
[Result "1/2-1/2"]
[WhiteElo "2010"]
[BlackElo "1975"]
[PlyCount "60"]
[EventDate "2006.10.15"]
[EventType "team"]
[EventRounds "9"]
[EventCountry "FRA"]
[SourceTitle "EXT 2008"]
[Source "ChessBase"]
[SourceDate "2007.11.25"]
[SourceVersion "1"]
[SourceVersionDate "2007.11.25"]
[SourceQuality "1"]

1. e4 e6 2. d4 d5 3. Nc3 Bb4 4. Bd3 dxe4 5. Bxe4 Nf6 6. Bf3 c6 7. Nge2 0-0 8. 0-0 Nbd7 9. Bf4 Nb6 10. Qd3 h6 11. Ng3 Nbd5 12. Bd2 Bd6 13. Nce4 Nxe4 14. Bxe4 Nf4 15. Qf3 Qh4 16. h3 f5 17. Bxc6 bxc6 18. Qxc6 Nxh3+ 19. gxh3 Bxg3 20. Qxa8 Bd6 21. Qg2 Rf6 22. f4 Kh7 23. Be1 Qh5 24. Qf3 Qg6+ 25. Kh2 Qf7 26. Rg1 Bb7 27. Qg3 g5 28. Bd2 Qc7 29. Raf1 Qxc2 30. Rf2 Qe4 1/2-1/2

[Event "FRA-chT3 Gr01 0607"]
[Site "France"]
[Date "2006.11.26"]
[Round "3.4"]
[White "Valero, Jacques"]
[Black "Chudyba, Rodolphe"]
[Result "1-0"]
[WhiteElo "1975"]
[BlackElo "1890"]
[PlyCount "77"]
[EventDate "2006.10.15"]
[EventType "team"]
[EventRounds "9"]
[EventCountry "FRA"]
[SourceTitle "EXT 2008"]
[Source "ChessBase"]
[SourceDate "2007.11.25"]
[SourceVersion "1"]
[SourceVersionDate "2007.11.25"]
[SourceQuality "1"]

1. c4 Nf6 2. Nc3 g6 3. g3 Bg7 4. Bg2 0-0 5. Nf3 d6 6. 0-0 e5 7. d3 Nbd7 8. Rb1 a5 9. a3 c6 10. b4 axb4 11. axb4 Nh5 12. b5 c5 13. Bg5 f6 14. Bd2 f5 15. Bg5 Bf6 16. Qd2 Bxg5 17. Nxg5 Ndf6 18. Ra1 Rb8 19. Ra7 f4 20. Nge4 Qd7 21. Nxf6+ Nxf6 22. Ne4 Nh5 23. Qa5 fxg3 24. hxg3 Nf6 25. Nxf6+ Rxf6 26. Bc6 Qf7 27. Qd8+ Kg7 28. Bd5 Qf8 29. Qc7+ Bd7 30. Qxd7+ Kh8 31. Rxb7 Rxb7 32. Bxb7 Qh6 33. Qd8+ Rf8 34. Qxd6 Qg7 35. Qxc5 Rf5 36. Be4 Rf8 37. Ra1 Qf7 38. Qxf8+ Qxf8 39. Ra8 1-0

[Event "FRA-chT3 Gr01 0607"]
[Site "France"]
[Date "2006.10.15"]
[Round "1.4"]
[White "Maiffret, Patrick"]
[Black "Valero, Jacques"]
[Result "1/2-1/2"]
[WhiteElo "1981"]
[BlackElo "1975"]
[PlyCount "28"]
[EventDate "2006.10.15"]
[EventType "team"]
[EventRounds "9"]
[EventCountry "FRA"]
[SourceTitle "EXT 2008"]
[Source "ChessBase"]
[SourceDate "2007.11.25"]
[SourceVersion "1"]
[SourceVersionDate "2007.11.25"]
[SourceQuality "1"]

1. Nf3 Nf6 2. c4 e6 3. g3 d5 4. d4 c6 5. Qc2 Nbd7 6. Bg2 Be7 7. 0-0 0-0 8. Rd1 Ne4 9. Bf4 f5 10. Nbd2 g5 11. Be5 g4 12. Ne1 Nxe5 13. dxe5 Qb6 14. Nd3 Bg5 1/2-1/2

[Event "FRA-chT2 0304a"]
[Site "France"]
[Date "2004.02.01"]
[Round "7.9"]
[White "Dubois, Martine"]
[Black "Valero, Jacques"]
[Result "0-1"]
[WhiteElo "2035"]
[BlackElo "1995"]
[PlyCount "110"]
[EventDate "2003.10.??"]
[EventType "team"]
[EventRounds "11"]
[EventCountry "FRA"]
[SourceTitle "EXT 2005"]
[Source "ChessBase"]
[SourceDate "2004.11.15"]
[SourceVersion "1"]
[SourceVersionDate "2004.11.15"]
[SourceQuality "1"]
[WhiteTeam "Nice Alekhine"]
[BlackTeam "Antibes"]
[WhiteTeamCountry "FRA"]
[BlackTeamCountry "FRA"]

1. e4 c5 2. c3 d5 3. exd5 Qxd5 4. d4 e5 5. dxe5 Qxd1+ 6. Kxd1 Nc6 7. f4 f6 8. Nf3 Bg4 9. Be2 0-0-0+ 10. Ke1 fxe5 11. Ng5 Bxe2 12. Kxe2 Nh6 13. f5 Re8 14. Rf1 Ne7 15. f6 gxf6 16. Ne4 Nef5 17. Bxh6 Nxh6 18. Nxf6 Re6 19. Nd2 Be7 20. Nde4 Bxf6 21. Nxf6 b6 22. g4 Nf7 23. Ne4 Nd6 24. Rf6 Rxf6 25. Nxf6 Rf8 26. Rf1 Rf7 27. g5 Kd8 28. Rf3 Ne8 29. Rd3+ Ke7 30. Ng4 Ke6 31. h4 Rf4 32. Rg3 Nd6 33. h5 Ne4 34. Rg2 Nxg5 35. Nh6 Ne4 36. Rg7 Rh4 37. Re7+ Kxe7 38. Nf5+ Kf6 39. Nxh4 Kg5 40. Nf3+ Kf4 41. Ne1 Nf6 42. Nd3+ Kf5 43. h6 Ng4 44. b4 c4 45. Nb2 b5 46. a4 a6 47. axb5 axb5 48. Nd1 Ke4 49. Kd2 Nxh6 50. Ne3 Nf5 51. Ng4 Kf4 52. Nf6 h6 53. Nd5+ Kf3 54. Nc7 Nd6 55. Na6 h5 0-1

[Event "FRA-chT2 0304a"]
[Site "France"]
[Date "2004.01.17"]
[Round "5.7"]
[White "Valero, Jacques"]
[Black "Bolon, Karelle"]
[Result "1-0"]
[WhiteElo "1995"]
[BlackElo "2061"]
[PlyCount "87"]
[EventDate "2003.10.??"]
[EventType "team"]
[EventRounds "11"]
[EventCountry "FRA"]
[SourceTitle "EXT 2005"]
[Source "ChessBase"]
[SourceDate "2004.11.15"]
[SourceVersion "1"]
[SourceVersionDate "2004.11.15"]
[SourceQuality "1"]
[WhiteTeam "Antibes"]
[BlackTeam "Toulouse"]
[WhiteTeamCountry "FRA"]
[BlackTeamCountry "FRA"]

1. c4 e5 2. Nc3 Nc6 3. g3 g6 4. Bg2 Bg7 5. e3 d6 6. Nge2 Be6 7. d3 Nf6 8. Nd5 Qd7 9. Nec3 a6 10. Rb1 Rb8 11. b4 b5 12. Nxf6+ Bxf6 13. Qf3 Bf5 14. Qxc6 Bxd3 15. Qxd7+ Kxd7 16. Rb2 e4 17. Nxe4 Bxe4 18. Bxe4 Bxb2 19. Bxb2 Rhe8 20. Bd3 bxc4 21. Bxc4 Rxb4 22. Bb3 f5 23. Kd2 Rc8 24. Ba3 Rb6 25. Rc1 c5 26. Rc4 Rbb8 27. e4 Rf8 28. e5 Rbc8 29. exd6 Kxd6 30. Ra4 Rc6 31. f4 Re8 32. Bb2 Rb6 33. Rc4 Kc6 34. Be5 Rb4 35. Rxb4 Rd8+ 36. Kc3 cxb4+ 37. Kxb4 Rd2 38. h4 Rg2 39. Bg8 h5 40. Bf7 Rxg3 41. Bf6 Re3 42. Bg5 Re4+ 43. Ka5 Re3 44. a4 1-0

[Event "Martinez op-A"]
[Site "Cannes"]
[Date "2000.08.03"]
[Round "6"]
[White "Daurelle, Herve"]
[Black "Valero, Jacques"]
[Result "1-0"]
[WhiteElo "2201"]
[BlackElo "2044"]
[PlyCount "67"]
[EventDate "2000.07.29"]
[EventType "swiss"]
[EventRounds "9"]
[EventCountry "FRA"]
[SourceTitle "EXT 2001"]
[Source "ChessBase"]
[SourceDate "2000.11.22"]
[SourceVersion "1"]
[SourceVersionDate "2000.11.22"]
[SourceQuality "1"]

1. e4 e6 2. d4 d5 3. Nd2 c5 4. exd5 Qxd5 5. Ngf3 cxd4 6. Bc4 Qd6 7. 0-0 Nf6 8. Nb3 Nc6 9. Nbxd4 Nxd4 10. Qxd4 Qxd4 11. Nxd4 a6 12. Be2 Bd6 13. Bf3 0-0 14. c4 Rb8 15. Rd1 Bc7 16. Bg5 Nd7 17. Rac1 Ne5 18. Be2 Ng6 19. g3 e5 20. Nb3 f6 21. Be3 Ne7 22. Ba7 Ra8 23. Bc5 Re8 24. Bh5 g6 25. Bf3 Nc6 26. Bd5+ Kg7 27. Ba3 Rb8 28. Bxc6 bxc6 29. Bd6 Bxd6 30. Rxd6 Bb7 31. Nc5 Kf7 32. Rcd1 Re7 33. b3 a5 34. Nd7 1-0

[Event "FRA-chT2S 9798"]
[Site "France"]
[Date "1998.??.??"]
[Round "8"]
[White "Poesson, Thierry"]
[Black "Valero, Jacques"]
[Result "1/2-1/2"]
[WhiteElo "2170"]
[BlackElo "1870"]
[PlyCount "50"]
[EventDate "1997.??.??"]
[EventType "team"]
[EventRounds "9"]
[EventCountry "FRA"]
[SourceTitle "EXT 2003"]
[Source "ChessBase"]
[SourceDate "2002.11.25"]
[SourceVersion "1"]
[SourceVersionDate "2002.11.25"]
[SourceQuality "1"]

1. d4 e6 2. Nf3 Nf6 3. Bg5 d5 4. e3 c5 5. Nbd2 Nc6 6. c3 cxd4 7. exd4 Be7 8. Bd3 h6 9. Bh4 Qc7 10. 0-0 0-0 11. Qe2 Nd7 12. Bxe7 Nxe7 13. Rfe1 Re8 14. Ne5 Nxe5 15. dxe5 Bd7 16. Nf3 a6 17. Nd4 Nc6 18. Rad1 Nxd4 19. cxd4 Qb6 20. Bb1 Rac8 21. Qd3 g6 22. h4 Qxb2 23. h5 Rc3 24. Qd2 Qxd2 25. Rxd2 g5 1/2-1/2